| 000 | 00881nmc a2200289 a 4500 | ||
|---|---|---|---|
| 003 | AR-BaBNM | ||
| 005 | 20251128205902.0 | ||
| 008 | 038019s1996 ||||||||||||||000 | spa|| | ||
| 020 | _a84-493-0278-1 | ||
| 040 | _cAR-BaBNM | ||
| 100 | 1 | _aPotter, Jean | |
| 245 | 1 | 0 |
_aLa naturaleza explicada a los niños en pocas palabras _bmás de 100 actividades en 10 minutos o menos |
| 250 | _a1ª ed. | ||
| 260 |
_aBarcelona _aBuenos Aires _bPaidós _c1996 |
||
| 300 | 0 |
_a144 p. _bil. |
|
| 490 | 0 |
_aGuía para padres _vv. 23 |
|
| 500 | 0 | _aGlosario p. 137-140 | |
| 500 | 0 | _aIndice de actividades p. 143-144 | |
| 504 | _aBibliografía p. 141-142 | ||
| 650 | 4 | _aCIENCIAS NATURALES | |
| 650 | 4 | _aACTIVIDADES DE APRENDIZAJE | |
| 650 | 4 | _aENSENANZA DE LA BIOLOGIA | |
| 650 | 4 | _aLIBROS PARA NINOS | |
| 653 | 0 | _aENSENANZA DE LAS CIENCIAS NATURALES | |
| 942 | _cBK | ||
| 998 | _cCarmen | ||
| 999 |
_c13150 _d13150 |
||